000 00924nam a2200241 i 4500
001 186069
003 SpMaBN
005 20250804062606.0
008 160906s1978 sp |||| | spa d
020 _a84-206-1507-2
080 _a239
100 1 _aNietzsche, Friedrich,
_d1844-1900
_985718
245 1 3 _aEl anticristo
_b: maldición sobre el cristianismo /
_cFriedrich Nietzsche ; introducción, traducción y notas de Andrés Sánchez Pascual.
250 _a4ª ed. en "El libro de bolsillo".
260 _aMadrid :
_bAlianza Editorial,
_c1978.
300 _a159 p. ;
_c18 cm.
490 1 _aEl libro de bolsillo ;
_v507.
_aHumanidades
650 0 7 _aCristianismo-
_vObras de controversia.
_911431
700 1 _aSánchez Pascual, Andrés.
_9102833
830 0 3 _aEl libro de bolsillo.
_pHumanidades
_v507.
_9178672
852 _aES-MaACL
_jL-30635
_z. - Donat. Miguel A. Velasco
999 _c186069
_d186069